[Event "Bundesliga 2006-7"]
[Site "Berlin GER"]
[Date "2007.02.04"]
[Round "9"]
[White "Gustafsson, J."]
[Black "Socko, B."]
[Result "1/2-1/2"]
[WhiteElo "2584"]
[BlackElo "2629"]
[PlyCount "53"]
[EventDate "2007.01.28"]
[SourceDate "1999.07.01"]

1. d4 Nf6 2. c4 g6 3. Nc3 Bg7 4. e4 d6 5. Nf3 O-O 6. Be2 e5 7. Be3 Ng4 8. Bg5
f6 9. Bc1 exd4 10. Nxd4 f5 11. h3 Nh6 12. exf5 Nxf5 13. Nxf5 Rxf5 14. O-O Nc6
15. Be3 Kh8 16. Qd2 Be6 17. Rac1 Qd7 18. Rfd1 Rd8 19. Bg4 Rf7 20. Bxe6 Qxe6 21.
b3 Re8 22. Re1 Qf5 23. Rcd1 a6 24. Nd5 Re4 25. Nc3 Re8 26. Nd5 Re4 27. Nc3
1/2-1/2

[Event "Open"]
[Site "Moscow RUS"]
[Date "2007.02.02"]
[Round "7"]
[White "Rychagov, A."]
[Black "Chuprov, D."]
[Result "1-0"]
[WhiteElo "2586"]
[BlackElo "2534"]
[PlyCount "173"]
[EventDate "2007.01.27"]
[SourceDate "1999.07.01"]

1. d4 Nf6 2. Nf3 g6 3. c4 Bg7 4. Nc3 O-O 5. e4 d6 6. Be2 e5 7. Be3 Ng4 8. Bg5
f6 9. Bc1 Nc6 10. d5 Ne7 11. h3 Nh6 12. h4 Nf7 13. h5 f5 14. Qd3 f4 15. hxg6
Nxg6 16. Bd2 a6 17. O-O-O Bd7 18. Kb1 Qb8 19. Rc1 Qa7 20. Be1 b5 21. a3 bxc4
22. Qxc4 Rfc8 23. Bd1 Rab8 24. Ba4 Qb7 25. Rc2 Bb5 26. Bxb5 axb5 27. Qc6 b4 28.
Qxb7 Rxb7 29. axb4 Rxb4 30. Bd2 Bf6 31. Ne1 Rcb8 32. f3 Bh4 33. Nd3 Rd4 34. Nc1
Rc4 35. b3 Rcb4 36. N3a2 R4b7 37. Ba5 Ra7 38. Bc3 Rab7 39. b4 Ra8 40. Nb3 h6
41. Bb2 Bd8 42. Na5 Rb6 43. Rc4 Kf8 44. Kc2 Ke8 45. Bc3 Kd7 46. Be1 Bg5 47. Bf2
Rbb8 48. Kd3 Rc8 49. Nc3 Bd8 50. Rc1 Nh4 51. Bxh4 Bxh4 52. Nb5 Bd8 53. Nc6 Ra4
54. Nxd8 Kxd8 55. Nxc7 Ra3+ 56. Ke2 Ra2+ 57. Kf1 Kd7 58. Ne6 Rxc4 59. Rxc4 Ke7
60. Rc7+ Kf6 61. Kg1 Rb2 62. Rb7 Ng5 63. Rb6 Ke7 64. Rb7+ Kf6 65. Rd7 Nf7 66.
Nd8 Ng5 67. Nc6 Nf7 68. Rb7 Ng5 69. b5 h5 70. Rd7 Nf7 71. Nd8 Ng5 72. Ne6 h4
73. Nxg5 Kxg5 74. Kh2 Rb1 75. Rxd6 h3 76. b6 hxg2 77. Kxg2 Kh4 78. Rg6 Rb2+ 79.
Kf1 Kh5 80. d6 Rb1+ 81. Ke2 Rxb6 82. d7 Rb2+ 83. Kd3 Rb1 84. Kc2 Rb8 85. Re6
Rd8 86. Rxe5+ Kh4 87. Rd5 1-0

[Event "Corus B"]
[Site "Wijk aan Zee NED"]
[Date "2007.01.23"]
[Round "9"]
[White "Werle, J."]
[Black "Nijboer, F."]
[Result "1/2-1/2"]
[WhiteElo "2566"]
[BlackElo "2638"]
[PlyCount "56"]
[EventDate "2007.01.13"]
[SourceDate "1999.07.01"]

1. Nf3 Nf6 2. c4 g6 3. Nc3 Bg7 4. e4 d6 5. d4 O-O 6. Be2 e5 7. O-O Nc6 8. d5
Ne7 9. b4 Nh5 10. Re1 f5 11. Ng5 Nf6 12. Bf3 c6 13. Bb2 cxd5 14. cxd5 fxe4 15.
Ngxe4 Nxe4 16. Nxe4 Nf5 17. a4 a6 18. a5 b5 19. Rc1 Bb7 20. Rc6 Bxc6 21. dxc6
Rc8 22. Qd5+ Kh8 23. Rd1 Qc7 24. Ng5 Qe7 25. Ne6 Rf6 26. Ng5 Rff8 27. Ne6 Rf6
28. Ng5 Rff8 1/2-1/2

[Event "ch-BLR"]
[Site "Minsk BLR"]
[Date "2007.01.15"]
[Round "6"]
[White "Teterev, V."]
[Black "Tihonov, J."]
[Result "1/2-1/2"]
[WhiteElo "2516"]
[BlackElo "2501"]
[PlyCount "60"]
[EventDate "2007.01.10"]
[SourceDate "1999.07.01"]

1. Nf3 Nf6 2. d4 g6 3. c4 Bg7 4. Nc3 O-O 5. e4 d6 6. Be2 e5 7. O-O Na6 8. Be3
Ng4 9. Bg5 Qe8 10. c5 exd4 11. Nd5 Be6 12. cxd6 Bxd5 13. exd5 cxd6 14. Bxa6
bxa6 15. Nxd4 Qe5 16. Qxg4 Qxd4 17. Qxd4 Bxd4 18. Rad1 Bc5 19. Bf6 Rfe8 20.
Rfe1 a5 21. Kf1 Kf8 22. Rxe8+ Rxe8 23. Re1 Rc8 24. Rc1 Rb8 25. Rc4 Bb6 26. Rc6
Bc5 27. f3 Ke8 28. Rc7 Bb6 29. Re7+ Kf8 30. Re4 Bd8 1/2-1/2

[Event "ch-BLR"]
[Site "Minsk BLR"]
[Date "2007.01.19"]
[Round "10"]
[White "Dydyshko, V."]
[Black "Tihonov, J."]
[Result "0-1"]
[WhiteElo "2574"]
[BlackElo "2501"]
[PlyCount "62"]
[EventDate "2007.01.10"]
[SourceDate "1999.07.01"]

1. d4 Nf6 2. c4 g6 3. Nc3 Bg7 4. e4 d6 5. Nf3 O-O 6. Be2 e5 7. O-O Na6 8. Be3
c6 9. d5 Ng4 10. Bg5 f6 11. Bd2 f5 12. Bg5 Nf6 13. exf5 gxf5 14. Nd2 Bd7 15.
Rb1 Qe8 16. dxc6 Bxc6 17. f3 Qg6 18. Be3 Kh8 19. Re1 Nc7 20. Bf1 d5 21. cxd5
Nfxd5 22. Nxd5 Nxd5 23. Nc4 Rad8 24. Qb3 Nxe3 25. Rxe3 e4 26. f4 Bd4 27. Kh1
Qh6 28. g3 b5 29. Ne5 Bd5 30. Qa3 b4 31. Qxb4 Bxe5 0-1

[Event "IM It"]
[Site "Eupen BEL"]
[Date "2006.12.16"]
[Round "9"]
[White "Komarov, D."]
[Black "Kovalev, An"]
[Result "1/2-1/2"]
[WhiteElo "2540"]
[BlackElo "2548"]
[PlyCount "28"]
[EventDate "2006.12.08"]
[SourceDate "1999.07.01"]

1. d4 Nf6 2. c4 g6 3. Nc3 Bg7 4. e4 d6 5. Nf3 O-O 6. Be2 e5 7. Be3 Na6 8. O-O
c6 9. dxe5 dxe5 10. Qxd8 Rxd8 11. h3 Bf8 12. Nd2 Nc5 13. b4 Ne6 14. c5 Nd4
1/2-1/2

[Event "24th ECC"]
[Site "Kallithea GRE"]
[Date "2008.10.22"]
[Round "6"]
[White "Volkov, Sergey1"]
[Black "Jobava, Ba"]
[Result "1-0"]
[WhiteElo "2632"]
[BlackElo "2664"]
[PlyCount "89"]
[EventDate "2008.10.17"]
[SourceDate "1999.07.01"]

1. d4 Nf6 2. c4 g6 3. Nc3 Bg7 4. e4 d6 5. Be2 O-O 6. Nf3 e5 7. Be3 Na6 8. d5
Ng4 9. Bg5 f6 10. Bh4 h5 11. Nd2 Nh6 12. f3 Nf7 13. a3 Bh6 14. Nb3 c5 15. dxc6
bxc6 16. c5 Rb8 17. Bc4 Rxb3 18. Qxb3 Nxc5 19. Qa2 Qe7 20. b4 Ne6 21. b5 g5 22.
Bf2 cxb5 23. Nxb5 Nf4 24. O-O g4 25. Nxa7 Bd7 26. fxg4 Kh8 27. Rab1 Bxg4 28.
Nc6 Qe8 29. Bb5 Ng5 30. Be3 Nxe4 31. Qc2 Ne2+ 32. Bxe2 Bxe3+ 33. Kh1 Nd2 34.
Rb8 Qf7 35. Rxf8+ Qxf8 36. Re1 Bd7 37. Bb5 Bg5 38. Qg6 e4 39. Qxh5+ Bh6 40. Nd4
Bxb5 41. Nxb5 d5 42. Nd4 Kh7 43. a4 e3 44. Rxe3 Ne4 45. Nf5 1-0

[Event "24th ECC"]
[Site "Kallithea GRE"]
[Date "2008.10.22"]
[Round "6"]
[White "Ivanisevic, I."]
[Black "Yevseev, D."]
[Result "1/2-1/2"]
[WhiteElo "2658"]
[BlackElo "2534"]
[PlyCount "91"]
[EventDate "2008.10.17"]
[SourceDate "1999.07.01"]

1. d4 Nf6 2. c4 g6 3. Nc3 Bg7 4. e4 d6 5. Nf3 O-O 6. Be2 e5 7. Be3 h6 8. O-O
Ng4 9. Bc1 Nc6 10. d5 Ne7 11. Ne1 h5 12. h3 Nh6 13. f4 exf4 14. Bxf4 f5 15. Qd2
Nf7 16. Nf3 fxe4 17. Nxe4 Nf5 18. Rae1 c6 19. Kh1 cxd5 20. Qxd5 Bd7 21. Nfg5
Qe7 22. Nxf7 Qxf7 23. Nxd6 Qxd5 24. cxd5 Nxd6 25. Bxd6 Rxf1+ 26. Rxf1 Bxb2 27.
Bd3 g5 28. Bf5 Bxf5 29. Rxf5 g4 30. Be7 Rc8 31. Kh2 Rc2 32. d6 Rd2 33. Rxh5
gxh3 34. Kxh3 Ba3 35. Rh6 Rxa2 36. g4 Rd2 37. g5 a5 38. Kg4 a4 39. Kf5 Bb2 40.
Bf6 Bxf6 41. gxf6 a3 42. Rh3 a2 43. Ra3 Rxd6 44. Rxa2 Kf7 45. Rb2 Rxf6+ 46. Ke5
1/2-1/2

[Event "12th Essent Open"]
[Site "Hoogeveen NED"]
[Date "2008.10.22"]
[Round "6"]
[White "L'Ami, E."]
[Black "Di Berardino, D."]
[Result "1-0"]
[WhiteElo "2610"]
[BlackElo "2502"]
[PlyCount "139"]
[EventDate "2008.10.17"]
[SourceDate "1999.07.01"]

1. d4 Nf6 2. c4 g6 3. Nc3 Bg7 4. e4 d6 5. Nf3 O-O 6. Be2 e5 7. Be3 Ng4 8. Bg5
f6 9. Bc1 exd4 10. Nxd4 f5 11. h3 Ne5 12. exf5 gxf5 13. Nd5 Nbc6 14. Nb5 Rf7
15. O-O a6 16. Nbc3 Ng6 17. Nf4 Nxf4 18. Bxf4 Ne5 19. Qd2 Ng6 20. Bh5 Be6 21.
Nd5 Rf8 22. Bg5 Qd7 23. Rae1 Rae8 24. b3 c6 25. Nf4 Bf7 26. Bd1 Nxf4 27. Bxf4
d5 28. Bc2 d4 29. c5 Rxe1 30. Rxe1 Re8 31. Bd6 Rxe1+ 32. Qxe1 Bd5 33. Bd3 b5
34. f3 Bf7 35. Kf1 Bg6 36. f4 Bf7 37. Be5 Qe6 38. Bxg7 Kxg7 39. Qxe6 Bxe6 40.
b4 Kf6 41. a3 h5 42. Be2 Bc4 43. Kf2 Bxe2 44. Kxe2 h4 45. Kd3 Ke6 46. Kxd4 Kf6
47. Ke3 Kg6 48. Ke2 Kh6 49. Kd2 Kg6 50. Kd1 Kf6 51. Ke1 Kg6 52. Kf2 Kh6 53. g3
hxg3+ 54. Kxg3 Kh5 55. Kh2 Kh6 56. Kg2 Kg6 57. Kf2 Kh5 58. Ke3 Kh4 59. Kd4 Kxh3
60. Ke5 Kg4 61. Kd6 Kxf4 62. Kxc6 Kg3 63. Kb6 f4 64. c6 f3 65. c7 f2 66. c8=Q
f1=Q 67. Qc3+ Kh2 68. Kxa6 Qe2 69. Qc7+ Kh1 70. Qc6+ 1-0

[Event "24th ECC"]
[Site "Kallithea GRE"]
[Date "2008.10.18"]
[Round "2"]
[White "Roiz, M."]
[Black "Grigoryan, Av"]
[Result "1-0"]
[WhiteElo "2677"]
[BlackElo "2513"]
[PlyCount "77"]
[EventDate "2008.10.17"]
[SourceDate "1999.07.01"]

1. d4 Nf6 2. c4 g6 3. Nc3 Bg7 4. e4 d6 5. Be2 O-O 6. Nf3 e5 7. O-O Na6 8. Re1
Qe8 9. Bg5 Bg4 10. h3 Bxf3 11. Bxf3 c6 12. d5 c5 13. a3 Nd7 14. Qb3 Qb8 15. Nb5
f6 16. Bd2 f5 17. Qc2 h6 18. h4 h5 19. g3 f4 20. Bg2 Qd8 21. Bh3 Nf6 22. Be6+
Kh7 23. Qd1 Nc7 24. Nxc7 Qxc7 25. Qe2 Qe7 26. gxf4 Ne8 27. f5 Qxh4 28. fxg6+
Kxg6 29. Kg2 Bh6 30. Bf5+ Kf7 31. Bxh6 Rg8+ 32. Kf3 Ng7 33. Rh1 Nxf5 34. Rxh4
Nxh4+ 35. Ke3 Rg4 36. Kd3 Kg6 37. Be3 Rf8 38. Rh1 Nf3 39. Qd1 1-0

[Event "1st WMSG Blitz Ind"]
[Site "Beijing CHN"]
[Date "2008.10.04"]
[Round "1"]
[White "Korobov, A."]
[Black "Paragua, M."]
[Result "0-1"]
[WhiteElo "2605"]
[BlackElo "2526"]
[PlyCount "92"]
[EventDate "2008.10.04"]
[SourceDate "1999.07.01"]

1. d4 Nf6 2. c4 g6 3. Nc3 Bg7 4. e4 d6 5. Nf3 O-O 6. Be2 e5 7. O-O Nbd7 8. d5
Nc5 9. Qc2 a5 10. Bg5 h6 11. Be3 b6 12. Nd2 Nh7 13. a3 f5 14. f3 a4 15. Bxc5
bxc5 16. Nxa4 Bf6 17. Nc3 Bg5 18. Nd1 Bf4 19. g3 Qg5 20. Kf2 Bxd2 21. h4 Qf6
22. Qxd2 fxe4 23. Kg1 exf3 24. Rxf3 Qg7 25. Nc3 Bf5 26. Raf1 e4 27. R3f2 Nf6
28. Nd1 Bh3 29. Re1 Ng4 30. Bxg4 Bxg4 31. Ne3 Bf3 32. Kh2 g5 33. h5 Qf7 34. Kg1
Qxh5 35. Rh2 Qg6 36. Qc3 h5 37. Rf1 h4 38. g4 Rf4 39. Rhf2 Raf8 40. Kh2 Qf7 41.
Rg1 Bxg4 42. Rfg2 h3 43. Rxg4 Rf2+ 44. Kh1 Qf3+ 45. Ng2 hxg2+ 46. Kh2 Qxg4 0-1

[Event "1st WMSG Rapid Ind"]
[Site "Beijing CHN"]
[Date "2008.10.07"]
[Round "8"]
[White "Gonzalez Garcia, J2."]
[Black "Markos, J."]
[Result "1-0"]
[WhiteElo "2508"]
[BlackElo "2557"]
[PlyCount "63"]
[EventDate "2008.10.05"]
[SourceDate "1999.07.01"]

1. d4 Nf6 2. c4 g6 3. Nc3 Bg7 4. e4 d6 5. Be2 O-O 6. Nf3 e5 7. O-O Nc6 8. d5
Ne7 9. Nd2 Nd7 10. b4 f5 11. c5 Nf6 12. f3 f4 13. Nc4 g5 14. a4 Ne8 15. Bd2 Rf6
16. cxd6 cxd6 17. Be1 Rg6 18. Bf2 h5 19. Nb5 g4 20. Nxa7 g3 21. Bb6 Qd7 22. h3
Nf6 23. a5 Rxa7 24. Bxa7 Nh7 25. Qa4 Qd8 26. Nb6 Bxh3 27. gxh3 g2 28. Rfc1 Nc6
29. dxc6 Qh4 30. c7 Ng5 31. c8=Q+ Kh7 32. Qad7 1-0

[Event "1st WMSG Blitz Pair"]
[Site "Beijing CHN"]
[Date "2008.10.08"]
[Round "5"]
[White "Le Quang Liem"]
[Black "Matamoros Franco, C."]
[Result "0-1"]
[WhiteElo "2583"]
[BlackElo "2525"]
[PlyCount "74"]
[EventDate "2008.10.08"]
[SourceDate "1999.07.01"]

1. d4 Nf6 2. Nf3 g6 3. c4 Bg7 4. Nc3 O-O 5. e4 d6 6. Be2 e5 7. d5 a5 8. Be3 Ng4
9. Bg5 f6 10. Bh4 Na6 11. Nd2 h5 12. h3 Nh6 13. a3 Bd7 14. O-O Qe8 15. b3 f5
16. exf5 Nxf5 17. Bg5 Nd4 18. Nde4 Bf5 19. Bd3 Qd7 20. Kh2 Bxh3 21. gxh3 Rf3
22. Ng3 Nc5 23. Bxg6 Rxc3 24. Qxh5 Nf3+ 25. Kg2 Nxg5 26. Qxg5 Rf8 27. Bf5 Qd8
28. Be6+ Nxe6 29. Qxd8 Nf4+ 30. Kh2 Rxd8 31. Rab1 Kf7 32. Rfc1 Rf3 33. Rb2 Rh8
34. Rh1 e4 35. Rc2 e3 36. Rf1 Rxh3+ 37. Kg1 exf2+ 0-1

[Event "17th CRO-chT 1a"]
[Site "Sibenik CRO"]
[Date "2008.09.28"]
[Round "2"]
[White "Kuljasevic, D."]
[Black "Jankovic, A."]
[Result "1-0"]
[WhiteElo "2501"]
[BlackElo "2532"]
[PlyCount "99"]
[EventDate "2008.09.27"]
[SourceDate "1999.07.01"]

1. d4 Nf6 2. c4 g6 3. Nc3 Bg7 4. e4 d6 5. Nf3 O-O 6. Be2 e5 7. O-O Na6 8. Re1
c6 9. Bf1 exd4 10. Nxd4 Ng4 11. h3 Qb6 12. hxg4 Qxd4 13. Qf3 Qe5 14. g5 Qe7 15.
Bf4 Be5 16. Qg3 f6 17. gxf6 Rxf6 18. Bxe5 dxe5 19. Rad1 Bd7 20. c5 Nxc5 21. b4
Na6 22. Bc4+ Kg7 23. Bxa6 bxa6 24. Na4 Be8 25. Qc3 Bf7 26. Nc5 Rd8 27. Rd3 Rfd6
28. f4 Bxa2 29. Ra1 Bf7 30. Rxd6 Qxd6 31. fxe5 Qd4+ 32. Qxd4 Rxd4 33. Rxa6 Rxb4
34. Rxa7 Kg8 35. Ra8+ Kg7 36. e6 Bxe6 37. Nxe6+ Kf6 38. Nc5 Rc4 39. Nd7+ Ke6
40. Nf8+ Ke7 41. Nxh7 Rxe4 42. Re8+ Kxe8 43. Nf6+ Ke7 44. Nxe4 Ke6 45. Kf2 Kd5
46. Ke3 c5 47. Kd3 c4+ 48. Ke3 Ke5 49. Nc3 g5 50. g4 1-0

[Event "DMP Ekstraliga"]
[Site "Karpacz POL"]
[Date "2008.09.12"]
[Round "7"]
[White "Czakon, J."]
[Black "Jakubiec, A."]
[Result "0-1"]
[WhiteElo "2510"]
[BlackElo "2532"]
[PlyCount "68"]
[EventDate "2008.09.06"]
[SourceDate "1999.07.01"]

1. d4 Nf6 2. c4 g6 3. Nc3 Bg7 4. e4 O-O 5. Nf3 d6 6. Be2 e5 7. O-O Nc6 8. d5
Ne7 9. b4 a5 10. Ba3 Ne8 11. c5 axb4 12. Bxb4 f5 13. a4 fxe4 14. Nd2 e3 15.
fxe3 Nf5 16. Nc4 e4 17. Ra3 dxc5 18. Bxc5 Ned6 19. Qd2 Bd7 20. a5 Qg5 21. Bxd6
Nxd6 22. Nxd6 cxd6 23. Rxf8+ Rxf8 24. Nxe4 Qh4 25. Ng3 Be5 26. e4 Qd8 27. Nf1
Qc8 28. Qb4 Qc2 29. Bf3 Qc1 30. Ra2 Rc8 31. Qd2 Bb5 32. Be2 Bxe2 33. Qxe2 Bd4+
34. Kh1 Rf8 0-1

[Event "61st ch-RUS HL"]
[Site "Novokuznetsk RUS"]
[Date "2008.09.12"]
[Round "9"]
[White "Korotylev, A."]
[Black "Kabanov, N."]
[Result "1/2-1/2"]
[WhiteElo "2609"]
[BlackElo "2521"]
[PlyCount "125"]
[EventDate "2008.09.03"]
[SourceDate "1999.07.01"]

1. d4 Nf6 2. c4 g6 3. Nc3 Bg7 4. e4 d6 5. Be2 O-O 6. Nf3 e5 7. O-O Nc6 8. d5
Ne7 9. Nd2 a5 10. a3 Nd7 11. Rb1 f5 12. b4 Kh8 13. f3 Ng8 14. Qc2 Ngf6 15. Bd3
f4 16. Be2 Rg8 17. Bb2 Bf8 18. Nd1 g5 19. Nf2 h5 20. h3 Be7 21. Rfc1 Nf8 22.
Qd1 Ng6 23. c5 axb4 24. axb4 Bd7 25. b5 dxc5 26. b6 Ba4 27. bxc7 Qxc7 28. Qf1
Nd7 29. Bc3 Bd6 30. Bb5 Bxb5 31. Qxb5 Ra7 32. Nc4 Rga8 33. Nd3 Kg7 34. Bb2 Ra5
35. Qb3 b5 36. Nxa5 Rxa5 37. Kh1 c4 38. Qc3 Ra4 39. Ne1 Nb6 40. Nc2 b4 41. Qe1
b3 42. Na1 Qd7 43. Qd1 Qb5 44. Qf1 Nd7 45. Nxb3 Qxb3 46. Bc3 Qa3 47. Rb7 Ra7
48. Rxa7 Qxa7 49. Qxc4 Qe3 50. Rf1 Qc5 51. Qa6 Qxc3 52. Qxd6 Nc5 53. Qc7+ Kh6
54. Rb1 g4 55. hxg4 hxg4 56. Qc8 g3 57. d6 Qd4 58. Rc1 Nd3 59. Qh3+ Kg5 60.
Qf5+ Kh6 61. Qh3+ Kg5 62. Qg4+ Kh6 63. Qh3+ 1/2-1/2

[Event "61st ch-RUS HL"]
[Site "Novokuznetsk RUS"]
[Date "2008.09.14"]
[Round "11"]
[White "Landa, K."]
[Black "Kryakvin, D."]
[Result "1/2-1/2"]
[WhiteElo "2615"]
[BlackElo "2565"]
[PlyCount "92"]
[EventDate "2008.09.03"]
[SourceDate "1999.07.01"]

1. Nf3 Nf6 2. c4 g6 3. Nc3 Bg7 4. e4 d6 5. d4 O-O 6. Be2 e5 7. O-O Nc6 8. d5
Ne7 9. b4 Nh5 10. Re1 h6 11. Nd2 Nf4 12. Bf1 f5 13. g3 Nh5 14. c5 Nf6 15. a4 g5
16. Nc4 fxe4 17. cxd6 cxd6 18. Ne3 Nf5 19. Bg2 Nd4 20. Nxe4 Nxe4 21. Bxe4 Qf6
22. Ra2 Bd7 23. Kg2 Rac8 24. Rd2 Rf7 25. b5 Rcf8 26. Ba3 g4 27. Nxg4 Qg5 28.
Ne3 Rf4 29. Qb1 Rxe4 30. Qxe4 Qh5 31. Rxd4 exd4 32. g4 Qg5 33. h4 Qxh4 34. Nf5
Bxf5 35. gxf5 Qg5+ 36. Kf1 Rxf5 37. Bxd6 Rxd5 38. Qe6+ Kh7 39. Qe4+ Rf5 40. Bc5
Qh5 41. Bxa7 Qh3+ 42. Ke2 Qh5+ 43. Kf1 Qh3+ 44. Ke2 Qh5+ 45. Kf1 Qh3+ 46. Ke2
Qh5+ 1/2-1/2

[Event "SuperLiga-ROM"]
[Site "Eforie Nord ROM"]
[Date "2008.09.01"]
[Round "1"]
[White "Shishkin, Va UKR"]
[Black "Kotronias, V."]
[Result "1-0"]
[WhiteElo "2506"]
[BlackElo "2574"]
[PlyCount "99"]
[EventDate "2008.09.01"]
[SourceDate "1999.07.01"]

1. d4 Nf6 2. c4 g6 3. Nc3 Bg7 4. e4 d6 5. Be2 O-O 6. Nf3 e5 7. Be3 Na6 8. O-O
Ng4 9. Bg5 Qe8 10. h3 h6 11. Bh4 exd4 12. Nxd4 Nf6 13. Bf3 Nh7 14. Re1 Ng5 15.
Bg4 Bxg4 16. hxg4 Qe5 17. Nb3 Ne6 18. Rc1 Rfe8 19. Rc2 Nac5 20. Rd2 Nxb3 21.
axb3 Qc5 22. Nd5 g5 23. Bg3 a5 24. e5 dxe5 25. Bxe5 Nf4 26. Bxg7 Kxg7 27. Nxf4
gxf4 28. Rd5 Qb6 29. Rb5 Qf6 30. Rxe8 Rxe8 31. Qd2 Re5 32. Rxa5 c5 33. Ra1 Re4
34. Qc3 Re2 35. Qxf6+ Kxf6 36. Ra5 Rxb2 37. Rb5 b6 38. Rxb6+ Ke5 39. f3 Kd4 40.
Rf6 Rxb3 41. Rxf4+ Kd3 42. Kf2 Rb4 43. Rxf7 Kxc4 44. f4 Kd4 45. Kg3 c4 46. Rd7+
Ke4 47. Re7+ Kd5 48. Rd7+ Ke4 49. Re7+ Kd5 50. Rd7+ 1-0

[Event "SuperLiga-ROM"]
[Site "Eforie Nord ROM"]
[Date "2008.09.05"]
[Round "5"]
[White "Grigore, Ge"]
[Black "Fedorov, Alex"]
[Result "1-0"]
[WhiteElo "2517"]
[BlackElo "2560"]
[PlyCount "81"]
[EventDate "2008.09.01"]
[SourceDate "1999.07.01"]

1. d4 Nf6 2. c4 g6 3. Nc3 Bg7 4. e4 d6 5. Be2 O-O 6. Nf3 e5 7. O-O Nc6 8. d5
Ne7 9. Nd2 Nd7 10. b4 f5 11. c5 Nf6 12. f3 f4 13. Nc4 g5 14. Ba3 Ng6 15. b5 Ne8
16. Bb4 Rf7 17. a4 Bf8 18. c6 b6 19. Kf2 g4 20. fxg4 Qg5 21. Bf3 Nf6 22. h3 h5
23. gxh5 Nh4 24. Ke2 a5 25. bxa6 Bxa6 26. Kd3 Nf5 27. Nb5 Ng3 28. Re1 Qh6 29.
Nc3 Qh7 30. a5 Rb8 31. axb6 Rxb6 32. Ra5 Rg7 33. Qa4 Bxc4+ 34. Kxc4 Ngxh5 35.
Ra8 Ng3 36. Qa3 Qh4 37. Na4 Rxb4+ 38. Qxb4 Ngxe4 39. Rxe4 Qf2 40. Nc3 Qf1+ 41.
Kb3 1-0

[Event "SuperLiga-ROM"]
[Site "Eforie Nord ROM"]
[Date "2008.09.07"]
[Round "7"]
[White "Shishkin, Va UKR"]
[Black "Grigore, Ge"]
[Result "1/2-1/2"]
[WhiteElo "2506"]
[BlackElo "2517"]
[PlyCount "53"]
[EventDate "2008.09.01"]
[SourceDate "1999.07.01"]

1. d4 Nf6 2. c4 g6 3. Nc3 Bg7 4. e4 d6 5. Be2 O-O 6. Nf3 e5 7. Be3 exd4 8. Nxd4
Re8 9. f3 c6 10. Bf2 Nbd7 11. O-O a6 12. Nc2 Ne5 13. Ne3 b5 14. Qd2 bxc4 15.
Rad1 d5 16. exd5 cxd5 17. Nxc4 Nxc4 18. Bxc4 Be6 19. Bb3 d4 20. Qxd4 Qxd4 21.
Rxd4 Bxb3 22. axb3 Rab8 23. b4 Bf8 24. Bh4 Re6 25. Na2 a5 26. Re1 Ra6 27. Kf1
1/2-1/2

[Event "SuperLiga-ROM"]
[Site "Eforie Nord ROM"]
[Date "2008.09.09"]
[Round "9"]
[White "Gleizerov, E."]
[Black "Fedorov, Alex"]
[Result "1/2-1/2"]
[WhiteElo "2549"]
[BlackElo "2560"]
[PlyCount "26"]
[EventDate "2008.09.01"]
[SourceDate "1999.07.01"]

1. d4 Nf6 2. c4 g6 3. Nc3 Bg7 4. e4 d6 5. Nf3 O-O 6. Be2 e5 7. O-O Nc6 8. dxe5
Nxe5 9. Bf4 Nxf3+ 10. Bxf3 Be6 11. Be2 h6 12. Qd2 Kh7 13. Rad1 Nd7 1/2-1/2

[Event "TCh-ESP Hon Gp1"]
[Site "Cala Mayor ESP"]
[Date "2008.09.03"]
[Round "1"]
[White "Malakhatko, V."]
[Black "Cheparinov, I."]
[Result "1-0"]
[WhiteElo "2612"]
[BlackElo "2687"]
[PlyCount "107"]
[EventDate "2008.09.03"]
[SourceDate "1999.07.01"]

1. c4 Nf6 2. Nc3 g6 3. d4 Bg7 4. e4 d6 5. Nf3 O-O 6. Be2 e5 7. O-O Nc6 8. d5
Ne7 9. b4 Nh5 10. Re1 a5 11. bxa5 Rxa5 12. Nd2 Nf4 13. Bf1 c5 14. a4 Ra6 15.
Ra3 Nh5 16. Nb3 Nf6 17. a5 Nd7 18. Nb5 f5 19. exf5 Nxf5 20. Bd2 Nf6 21. h3 e4
22. Bf4 Re8 23. Qd2 h6 24. Bh2 e3 25. fxe3 Ne4 26. Qc1 Qh4 27. Ra2 Rf8 28. Bd3
Nfg3 29. Bxe4 Nxe4 30. Rf1 Bf5 31. Nd2 Nxd2 32. Rxd2 Rxa5 33. Nxd6 Ra1 34. Qxa1
Bxa1 35. Rxa1 Qe7 36. e4 Qg5 37. Rd3 Bd7 38. e5 Bf5 39. Rf3 Qd2 40. Raf1 Ra8
41. Nxf5 gxf5 42. e6 Ra2 43. R3f2 Qd4 44. Be5 Qe3 45. Bf4 Qd4 46. Bg3 Kf8 47.
Kh2 Rxf2 48. Rxf2 Qe4 49. Bd6+ Kg7 50. Rf4 Qc2 51. Be5+ Kg6 52. Rf3 Qe4 53.
Rg3+ Kh5 54. Bd6 1-0

[Event "TCh-ESP Hon Gp1"]
[Site "Cala Mayor ESP"]
[Date "2008.09.07"]
[Round "5"]
[White "Gustafsson, J."]
[Black "Van Wely, L."]
[Result "1/2-1/2"]
[WhiteElo "2620"]
[BlackElo "2644"]
[PlyCount "37"]
[EventDate "2008.09.03"]
[SourceDate "1999.07.01"]

1. d4 Nf6 2. c4 g6 3. Nc3 Bg7 4. e4 d6 5. Nf3 O-O 6. Be2 e5 7. dxe5 dxe5 8.
Qxd8 Rxd8 9. Bg5 Re8 10. Nd5 Nxd5 11. cxd5 c6 12. Bc4 cxd5 13. Bxd5 Na6 14. O-O
Nc7 15. Bb3 Be6 16. Rfc1 Rec8 17. Bxe6 Nxe6 18. Be3 b6 19. Kf1 1/2-1/2

[Event "Independence Cup G"]
[Site "Kyiv UKR"]
[Date "2008.08.20"]
[Round "8"]
[White "Zontakh, A."]
[Black "Kruppa, Y."]
[Result "1-0"]
[WhiteElo "2582"]
[BlackElo "2547"]
[PlyCount "61"]
[EventDate "2008.08.14"]
[SourceDate "1999.07.01"]

1. d4 Nf6 2. c4 g6 3. Nc3 Bg7 4. e4 d6 5. Nf3 O-O 6. Be2 e5 7. Be3 Na6 8. O-O
Ng4 9. Bg5 Qe8 10. h3 h6 11. Bh4 exd4 12. Nxd4 Nf6 13. Bd3 Qe5 14. Nf3 Qa5 15.
a3 c6 16. Bg3 Ne8 17. b4 Qd8 18. Qc2 Nac7 19. Rad1 Qe7 20. Rfe1 Ne6 21. e5 dxe5
22. Nxe5 Qf6 23. c5 Nf4 24. Bc4 Bf5 25. Qc1 Ne6 26. Ne4 Bxe4 27. Rxe4 Qf5 28.
Re3 Nf6 29. Nxf7 Nd5 30. Nd6 Qf6 31. Rxd5 1-0

[Event "Timisoara Cup GM"]
[Site "Timisoara ROM"]
[Date "2008.08.07"]
[Round "8"]
[White "Grigore, Ge"]
[Black "Ilincic, Z."]
[Result "1/2-1/2"]
[WhiteElo "2517"]
[BlackElo "2519"]
[PlyCount "31"]
[EventDate "2008.08.02"]
[SourceDate "1999.07.01"]

1. d4 Nf6 2. c4 g6 3. Nc3 Bg7 4. e4 d6 5. Nf3 O-O 6. Be2 e5 7. dxe5 dxe5 8.
Qxd8 Rxd8 9. Bg5 Re8 10. Nd5 Nxd5 11. cxd5 c6 12. Bc4 b5 13. Bb3 a5 14. dxc6
Nxc6 15. Bd5 Ra6 16. a3 1/2-1/2

[Event "TCh-MNE Premier"]
[Site "Herceg Novi MNE"]
[Date "2008.08.26"]
[Round "2"]
[White "Ivanisevic, I."]
[Black "Vajda, L."]
[Result "1-0"]
[WhiteElo "2664"]
[BlackElo "2588"]
[PlyCount "107"]
[EventDate "2008.08.25"]
[SourceDate "1999.07.01"]

1. d4 Nf6 2. Nf3 g6 3. c4 Bg7 4. Nc3 O-O 5. e4 d6 6. Be2 e5 7. Be3 Nbd7 8. O-O
a5 9. dxe5 dxe5 10. Qc2 c6 11. Na4 Qe7 12. c5 Ne8 13. Rad1 Nc7 14. Bc4 Ne6 15.
a3 Kh8 16. Ba2 Nf4 17. Rfe1 g5 18. Nd2 Rb8 19. Nc4 Nf6 20. Nd6 Be6 21. Bc4 Ng4
22. Bc1 Qf6 23. f3 Nh6 24. g3 Nh3+ 25. Kg2 g4 26. Rf1 Qg6 27. Nb6 gxf3+ 28.
Rxf3 Bg4 29. Rdf1 Nf4+ 30. Kh1 Bxf3+ 31. Rxf3 Ne6 32. Bxh6 Bxh6 33. Qf2 Ng5 34.
Rf5 Rbd8 35. Qf1 Bg7 36. Qd3 Ne6 37. b4 axb4 38. axb4 h6 39. h4 Kh7 40. Kh2 Qg4
41. Qe3 Nd4 42. Rf2 f5 43. exf5 e4 44. Rf4 Nf3+ 45. Kg2 Nxh4+ 46. Kf2 Qd1 47.
Be2 Qa1 48. Qxe4 Rfe8 49. Qd3 Bc3 50. Rxh4 Qe1+ 51. Kf3 Bf6 52. Nbc4 Rg8 53.
Rh3 Rg5 54. Nd2 1-0

[Event "GM"]
[Site "Panevezys LTU"]
[Date "2008.08.12"]
[Round "1"]
[White "Malakhatko, V."]
[Black "Kovalev, An"]
[Result "1-0"]
[WhiteElo "2612"]
[BlackElo "2550"]
[PlyCount "63"]
[EventDate "2008.08.12"]
[SourceDate "1999.07.01"]

1. d4 Nf6 2. c4 g6 3. Nc3 Bg7 4. e4 d6 5. Nf3 O-O 6. Be2 e5 7. O-O Na6 8. Be3
c6 9. h3 exd4 10. Nxd4 Re8 11. Bf3 Nc5 12. Qc2 a5 13. Rad1 Nfd7 14. b3 Qh4 15.
Rfe1 Ne5 16. Be2 Ne6 17. Nxe6 Bxe6 18. Qc1 Qe7 19. Na4 Nd7 20. Bf1 Nc5 21. e5
Nxa4 22. exd6 Qd7 23. bxa4 c5 24. Bxc5 Qxa4 25. Qa3 Qc6 26. Bd4 Bxc4 27. Rxe8+
Rxe8 28. Bxc4 Qxc4 29. d7 Rd8 30. Qe7 Qc7 31. Qe8+ Bf8 32. Bf6 1-0